00462nam a22001337a 4500003000400000008004100004020001800045100001700063245006600080250002600146260004500172300006100217650005000278OSt200320b ||||| |||| 00| 0 eng d a9788123905600 aSethi, P. D. aQuantitative Analysis of Drugs in Pharmaceutical Formulations a3rd (January 1, 2008) aNew DelhibCBS Publishers & Distributors aHardcover: 692 pages, Dimensions: 9.6 x 7.4 x 1.7 inches aPharmaceutical Analysis and Quality Assurance